| 000 | 00659nam a2200181 i 4500 | ||
|---|---|---|---|
| 001 | 89682 | ||
| 003 | ES-MaACL | ||
| 005 | 20250729032046.0 | ||
| 007 | t| | ||
| 008 | 050112s1969 sp ||||1| spa d | ||
| 100 | 1 |
_aLasso de la Vega Jiménez-Placer, Javier, _d1892-1990 _970478 |
|
| 245 | 1 | 0 |
_aManual de documentación _b: las técnicas para la investigación y redacción de los trabajos científicos y de ingenieria / _cpor Javier Lasso de la Vega. |
| 260 |
_aBarcelona, etc. : _bLabor, _c1969. |
||
| 300 |
_aXX, 829 p. ; _c25 cm. |
||
| 650 | 0 | 7 |
_aDocumentación _2embne _911959 |
| 852 |
_aES-MaACL _jC-35512 _bR.68787 |
||
| 999 |
_c89682 _d89682 |
||